[Event "World Blitz Women 2025"]
[Site "Doha QAT"]
[Date "2025.12.30"]
[Round "12.49"]
[White "Nguyen Hong Anh"]
[Black "Mikheeva, Galina"]
[Result "1-0"]
[WhiteTitle "WIM"]
[BlackTitle "FM"]
[WhiteElo "2010"]
[BlackElo "2122"]
[WhiteFideId "12406732"]
[BlackFideId "44108320"]
[EventDate "2025.12.29"]

1. d4 d5 2. c4 e6 3. Nf3 Nf6 4. Nc3 c5 5. cxd5 exd5 6. g3 Nc6 7. Bg2 cxd4 8.
Nxd4 Bc5 9. Nb3 Bb4 10. O-O Be6 11. Bg5 Bxc3 12. bxc3 O-O 13. Nc5 Qe7 14. Nd3
Rfd8 15. Rb1 Na5 16. Qa4 b6 17. Rfd1 h6 18. Be3 Rac8 19. Bd4 Ne4 20. Rbc1 Rc4
21. Qb5 Rdc8 22. Ne5 R4c7 23. Qb2 Nc4 24. Nxc4 Rxc4 25. f3 Nd6 26. Bf1 R4c7 27.
e3 Nf5 28. Ba6 Rd8 29. Be5 Rc6 30. e4 dxe4 31. fxe4 Ne3 32. Rxd8+ Qxd8 33. Qe2
Nc4 34. Rd1 Qe7 35. Bf4 Qc5+ 36. Kh1 Kh7 37. Bb7 Rd6 38. Bxd6 Nxd6 39. Bd5 Bc8
40. c4 Qb4 41. e5 Nf5 42. Bxf7 Qa3 43. Bd5 Qc3 44. Be4 Be6 45. g4 1-0

[Event "World Blitz Women 2025"]
[Site "Doha QAT"]
[Date "2025.12.30"]
[Round "12.50"]
[White "Zhurova, Anna"]
[Black "Gaboyan, Susanna"]
[Result "0-1"]
[WhiteTitle "WFM"]
[BlackTitle "WIM"]
[WhiteElo "2299"]
[BlackElo "2182"]
[WhiteFideId "54113075"]
[BlackFideId "13303627"]
[EventDate "2025.12.29"]

1. e4 c5 2. Nf3 Nc6 3. Nc3 e5 4. Bc4 d6 5. d3 Be7 6. h3 Nf6 7. O-O O-O 8. a4 Be6
9. Be3 d5 10. exd5 Nxd5 11. Nxd5 Bxd5 12. Nd2 Nd4 13. Bxd5 Qxd5 14. Bxd4 cxd4
15. Qf3 Qxf3 16. Nxf3 Rac8 17. Rfc1 Rc5 18. c4 dxc3 19. Rxc3 Rfc8 20. Rac1 f6
21. Kf1 Kf7 22. Ke2 Ke6 23. d4 exd4 24. Nxd4+ Kf7 25. Kd3 a6 26. Rc4 Rxc4 27.
Rxc4 Rd8 28. b4 Rd5 29. Rc7 b5 30. axb5 axb5 31. Kc3 Kf8 32. Rc8+ Kf7 33. Rb8
Bxb4+ 34. Kd3 Bc5 35. Rxb5 Rxd4+ 36. Kc3 Rd5 37. Kc4 Rf5 38. f3 Rg5 39. Rxc5
Rxg2 40. Kd4 Rg3 41. Ke4 Rxh3 42. Kf4 Rh1 43. Kg4 Rg1+ 44. Kf4 Kg6 45. Rb5 h5
46. Rb8 Ra1 47. Kg3 Kg5 48. Rb7 g6 49. Rb5+ f5 50. Rb4 Ra3 51. Rc4 h4+ 52. Kg2
Kh5 53. Rc8 h3+ 54. Kg3 g5 55. Rh8+ Kg6 56. Rg8+ Kf6 57. Rf8+ Ke6 58. Rh8 g4 59.
Rh6+ Kf7 60. Kh2 Rxf3 61. Rb6 Re3 62. Rc6 Re6 63. Rc8 Kf6 64. Rf8+ Ke5 65. Rf7
f4 66. Rg7 Kf5 67. Rf7+ Ke4 68. Rg7 Kf3 69. Rb7 Re2+ 70. Kh1 Kg3 71. Rb3+ f3 72.
Rb1 f2 73. Rb3+ Kh4 74. Rxh3+ gxh3 0-1

[Event "World Blitz Women 2025"]
[Site "Doha QAT"]
[Date "2025.12.30"]
[Round "12.51"]
[White "Machlik, Monika"]
[Black "Aydin, Gulenay"]
[Result "1-0"]
[BlackTitle "WIM"]
[WhiteElo "2084"]
[BlackElo "2259"]
[WhiteFideId "1513621"]
[BlackFideId "34557431"]
[EventDate "2025.12.29"]

1. d4 Nf6 2. c4 g6 3. Nc3 Bg7 4. g3 O-O 5. Bg2 d6 6. Nf3 Nc6 7. O-O a6 8. Qd3 e5
9. dxe5 dxe5 10. Qxd8 Rxd8 11. Bg5 Be6 12. Nd2 h6 13. Bxf6 Bxf6 14. Rfd1 Be7 15.
Nd5 Bxd5 16. Bxd5 Rab8 17. a3 Nd4 18. e3 Nf5 19. Nb3 c6 20. Bf3 Nd6 21. c5 Nc4
22. Rxd8+ Rxd8 23. Rb1 Nd2 24. Nxd2 Rxd2 25. b4 f5 26. Kf1 Kf7 27. Be2 Bf6 28.
Bc4+ Ke7 29. Ke1 Rd8 30. Rd1 e4 31. Rxd8 Kxd8 32. Kd2 Ke7 33. a4 Be5 34. Bg8 Kf8
35. Bc4 Ke7 36. Bg8 Bf6 37. Bc4 Be5 38. Bg8 Kf6 39. Bc4 h5 40. Bg8 h4 41. Bc4
hxg3 42. hxg3 g5 43. Bg8 Bc7 44. Bc4 a5 45. b5 Bd8 46. bxc6 bxc6 47. Kc3 Be7 48.
Kd4 Bf8 49. Ba6 Ke7 50. Bc8 Kf6 51. Bd7 Bg7 52. Bxc6 Ke6+ 53. Kc4 Bb2 54. g4
fxg4 55. Bxe4 Ba3 56. Bb7 g3 57. fxg3 Bb4 58. g4 Bd2 59. e4 Bb4 60. Bd5+ Ke5 61.
Bb7 Ke6 62. Bd5+ Ke5 63. Bc6 Ke6 64. Bb7 Ke5 65. Kb5 Kf4 66. Bc8 Kxe4 67. c6 Kd5
68. Kb6 Kd6 69. Kb7 Bc5 1-0

[Event "World Blitz Women 2025"]
[Site "Doha QAT"]
[Date "2025.12.30"]
[Round "12.52"]
[White "Olde, Margareth"]
[Black "Fataliyeva, Ulviyya"]
[Result "1/2-1/2"]
[WhiteTitle "WIM"]
[BlackTitle "IM"]
[WhiteElo "2214"]
[BlackElo "2434"]
[WhiteFideId "4503082"]
[BlackFideId "13403052"]
[EventDate "2025.12.29"]

1. d4 d5 2. c4 e6 3. Nf3 Nf6 4. g3 g6 5. Bg2 Bg7 6. O-O O-O 7. Nc3 Ne4 8. Qc2 f5
9. e3 c6 10. Ne1 Nd7 11. f3 Nxc3 12. Qxc3 c5 13. cxd5 cxd4 14. Qb3 Nc5 15. Qc4
Qxd5 16. Qxd5 exd5 17. exd4 Bxd4+ 18. Kh1 Bd7 19. Nc2 Bg7 20. Nb4 d4 21. Bf4
Rfe8 22. Bd6 Na4 23. f4 a5 24. Nd3 Bb5 25. Rfd1 Bxd3 26. Rxd3 Nxb2 27. Rd2 d3
28. Ba3 Re2 29. Rxe2 dxe2 30. Re1 Rd8 31. Rxe2 Rd1+ 32. Bf1 Rxf1+ 33. Kg2 Nc4
34. Re8+ Kf7 35. Re7+ Kf6 36. Kxf1 Nxa3 37. Rxb7 Bf8 38. Rxh7 Bg7 39. h4 Nb5 40.
h5 Nc3 41. h6 Bf8 42. Rc7 Nxa2 43. h7 Bg7 44. Rc8 Nc3 45. h8=Q Bxh8 46. Rxh8 Ne4
47. Ra8 Nxg3+ 48. Kg2 Ne2 49. Kf3 Nd4+ 50. Ke3 Nb3 51. Rb8 Nc5 52. Rb5 Ne4 53.
Rxa5 g5 54. Ra6+ Kf7 55. fxg5 Nxg5 56. Kf4 Ne6+ 57. Kxf5 Ng7+ 58. Ke5 Ne8 59.
Rb6 Ng7 60. Ra6 Ne8 61. Kf5 Ng7+ 62. Kf4 Ne6+ 63. Ke5 Ng7 64. Rh6 Ne8 65. Kf5
Ng7+ 66. Kf4 Ne6+ 67. Ke4 1/2-1/2

[Event "World Blitz Women 2025"]
[Site "Doha QAT"]
[Date "2025.12.30"]
[Round "12.53"]
[White "Kirtadze, Anastasia"]
[Black "Zherebtsova, Alexandra"]
[Result "1-0"]
[WhiteTitle "WIM"]
[BlackTitle "FM"]
[WhiteElo "2281"]
[BlackElo "2307"]
[WhiteFideId "13622714"]
[BlackFideId "24129518"]
[EventDate "2025.12.29"]

1. e4 e5 2. Nf3 Nc6 3. Bb5 a6 4. Ba4 Nf6 5. O-O Be7 6. Re1 b5 7. Bb3 d6 8. c3
O-O 9. h3 Na5 10. Bc2 c5 11. d4 Nd7 12. d5 Nb6 13. g4 c4 14. Nbd2 Nb7 15. Nf1
Nc5 16. Ng3 Ra7 17. Kh2 Bh4 18. Be3 Bxg3+ 19. fxg3 Rc7 20. Nh4 f6 21. Rf1 Nba4
22. Rb1 a5 23. Rf2 Rcf7 24. Qd2 Bd7 25. Nf5 Qb8 26. h4 b4 27. Bxc5 Nxc5 1-0

[Event "World Blitz Women 2025"]
[Site "Doha QAT"]
[Date "2025.12.30"]
[Round "12.54"]
[White "Lyutsinger, Iren"]
[Black "Nordahl, Christine"]
[Result "1-0"]
[WhiteTitle "FM"]
[WhiteElo "2169"]
[BlackElo "1835"]
[WhiteFideId "34425969"]
[BlackFideId "1557939"]
[EventDate "2025.12.29"]

1. e4 c5 2. Nf3 Nc6 3. Bb5 g6 4. O-O Bg7 5. Nc3 e5 6. Nd5 Nge7 7. Re1 O-O 8. a4
Rb8 9. c3 a6 10. Bf1 b5 11. axb5 axb5 12. h3 d6 13. Nxe7+ Qxe7 14. b3 Be6 15.
Bb2 Qc7 16. Ra6 Na5 17. b4 Nc4 18. Bxc4 Bxc4 19. Qa1 Qb7 20. Rxd6 cxb4 21. cxb4
Qe7 22. Bxe5 Ra8 23. Qd4 Bxe5 24. Qxe5 Qxe5 25. Nxe5 Ra4 26. Nc6 Be6 27. d4 Bc4
28. d5 Rc8 29. Ne7+ 1-0

[Event "World Blitz Women 2025"]
[Site "Doha QAT"]
[Date "2025.12.30"]
[Round "12.55"]
[White "Ismayil, Malak"]
[Black "Lesbekova, Assel"]
[Result "1-0"]
[WhiteTitle "WIM"]
[BlackTitle "WCM"]
[WhiteElo "2138"]
[BlackElo "1948"]
[WhiteFideId "13412604"]
[BlackFideId "13713248"]
[EventDate "2025.12.29"]

1. e4 c5 2. Nf3 Nc6 3. d4 cxd4 4. Nxd4 e5 5. Nb5 d6 6. N1c3 a6 7. Na3 b5 8. Nd5
Nce7 9. c4 Nxd5 10. Qxd5 Be6 11. Qd2 Nf6 12. f3 bxc4 13. Bxc4 Be7 14. O-O O-O
15. Rd1 Qb6+ 16. Kh1 Rfd8 17. Qe2 Qc7 18. Bg5 h6 19. Bxf6 Bxf6 20. Rac1 Bg5 21.
Rc2 Qe7 22. Bxe6 Qxe6 23. Nc4 d5 24. exd5 Rxd5 25. Rxd5 Qxd5 26. h4 Bd8 27. Nxe5
Qxa2 28. f4 Bxh4 29. Qe4 Rd8 30. Kh2 Qb3 31. Nf3 Bf6 32. Qe2 Qd3 33. Qf2 Qd6 34.
g3 a5 35. Rd2 Qc7 36. Rc2 Qe7 37. Re2 Qb7 38. Ne5 Rd1 39. Qg2 Qxg2+ 40. Kxg2
Bxe5 41. Rxe5 Ra1 42. Kf3 g6 43. Kg4 h5+ 44. Kf3 Kg7 45. Rb5 Ra2 46. Ke4 Ra4+
47. Kf3 Kh6 48. Rb6 Ra1 49. Rb7 f6 50. Rb6 Kg7 51. Rb7+ Kg8 52. Rb6 Kg7 53. Rb7+
Kh6 54. Rb6 f5 55. Rb7 a4 56. Rb8 Rf1+ 57. Kg2 Rd1 58. Kf3 Rd3+ 59. Kf2 Rd4 60.
Ke3 Re4+ 61. Kf3 Rc4 62. Rb7 a3 63. bxa3 Rc3+ 64. Kg2 Rxa3 65. Rc7 h4 66. gxh4
Kh5 67. Rg7 Ra2+ 68. Kg3 Ra3+ 69. Kg2 Ra6 70. Kg3 Ra3+ 71. Kg2 Ra6 72. Kg3 Ra3+
73. Kg2 Kg4 74. Rxg6+ Kxf4 75. h5 Ra2+ 76. Kh3 Ra3+ 77. Kh2 Ra2+ 78. Kh3 Ra1 79.
Kh2 Kf3 80. h6 Ra2+ 81. Kh3 Ra1 82. Kh2 Ra4 83. Rg3+ Kf2 1-0

[Event "World Blitz Women 2025"]
[Site "Doha QAT"]
[Date "2025.12.30"]
[Round "12.56"]
[White "Wafa, Shahenda"]
[Black "Savitha, Shri B"]
[Result "1-0"]
[WhiteTitle "WGM"]
[BlackTitle "IM"]
[WhiteElo "2074"]
[BlackElo "2334"]
[WhiteFideId "10609962"]
[BlackFideId "35061887"]
[EventDate "2025.12.29"]

1. e4 c5 2. Nf3 e6 3. d4 cxd4 4. Nxd4 a6 5. c4 Nf6 6. Nc3 Bb4 7. Qd3 d5 8. exd5
exd5 9. a3 Bxc3+ 10. Qxc3 O-O 11. Be3 dxc4 12. Bxc4 b5 13. Bb3 Bb7 14. O-O Nbd7
15. Rad1 Rc8 16. Qd3 Qc7 17. Rc1 Qe5 18. Qf5 Qe7 19. Bg5 h6 20. Bh4 Qe4 21. Qxe4
Bxe4 22. f3 Ba8 23. Bf2 Ne5 24. Nf5 Kh8 25. Rxc8 Rxc8 26. Nd6 Rd8 27. Nxf7+ Nxf7
28. Bxf7 Rd2 29. b3 Bd5 30. Bxd5 Nxd5 31. Bc5 Rd3 32. Re1 Rxb3 33. Re8+ Kh7 34.
h3 a5 35. Rd8 Rd3 36. Rd7 Kg8 37. Rd8+ Kf7 38. Rd7+ Kf6 39. Rb7 Rb3 40. Bd4+ Ke6
41. Bxg7 h5 42. Bf8 Nf4 43. Rb6+ Kf5 44. g4+ hxg4 45. hxg4+ Kg5 46. Be7# 1-0

[Event "World Blitz Women 2025"]
[Site "Doha QAT"]
[Date "2025.12.30"]
[Round "12.57"]
[White "Zhang, Lanlin"]
[Black "Miranda Rodriguez, Tania"]
[Result "0-1"]
[WhiteTitle "WIM"]
[BlackTitle "WIM"]
[WhiteElo "2291"]
[BlackElo "2051"]
[WhiteFideId "8608032"]
[BlackFideId "3510417"]
[EventDate "2025.12.29"]

1. e4 e5 2. Nf3 Nc6 3. Bb5 a6 4. Ba4 Nf6 5. d3 b5 6. Bb3 Bc5 7. Nc3 h6 8. Nd5
Rb8 9. c3 d6 10. d4 Ba7 11. O-O Bg4 12. h3 Bxf3 13. Qxf3 exd4 14. Qg3 g6 15. a4
dxc3 16. Qxc3 Nd4 17. Re1 O-O 18. Be3 Nxd5 19. Bxd5 b4 20. Qd3 c5 21. Bxh6 Re8
22. Qg3 Qf6 23. Bg5 Qe5 24. Bf4 Qg7 25. Bxd6 Rbd8 26. Rac1 b3 27. Bxc5 Nc2 28.
Rxc2 bxc2 29. Bxa7 Rxd5 30. Rc1 Rd1+ 0-1

[Event "World Blitz Women 2025"]
[Site "Doha QAT"]
[Date "2025.12.30"]
[Round "12.58"]
[White "Mamedjarova, Zeinab"]
[Black "Mgeladze, Kesaria"]
[Result "0-1"]
[WhiteTitle "WGM"]
[BlackTitle "WIM"]
[WhiteElo "2155"]
[BlackElo "2195"]
[WhiteFideId "13401521"]
[BlackFideId "13621130"]
[EventDate "2025.12.29"]

1. d4 Nf6 2. Nf3 e6 3. Bf4 d5 4. e3 Bd6 5. Bg3 O-O 6. Nbd2 c5 7. c3 Nc6 8. Ne5
Qc7 9. f4 Ne4 10. Nxe4 dxe4 11. Nc4 f5 12. Nxd6 Qxd6 13. Bc4 Na5 14. Be2 cxd4
15. exd4 Bd7 16. O-O a6 17. Qd2 0-1

[Event "World Blitz Women 2025"]
[Site "Doha QAT"]
[Date "2025.12.30"]
[Round "12.59"]
[White "Dwilewicz, Katarzyna"]
[Black "Dimitrijevic, Aleksandra"]
[Result "0-1"]
[WhiteTitle "WFM"]
[BlackTitle "WGM"]
[WhiteElo "2185"]
[BlackElo "2063"]
[WhiteFideId "1148486"]
[BlackFideId "929239"]
[EventDate "2025.12.29"]

1. e4 c5 2. Nf3 e6 3. d4 cxd4 4. Nxd4 Nc6 5. Nc3 d6 6. Be3 a6 7. Qd2 Nf6 8. f3
Be7 9. O-O-O O-O 10. g4 Qc7 11. h4 b5 12. Kb1 Bb7 13. h5 Ne5 14. g5 Nfd7 15. g6
b4 16. h6 bxc3 17. gxh7+ Kxh7 18. hxg7+ Kxg7 19. Bh6+ Kg8 20. Qg2+ Ng6 21. Nxe6
Qb6 22. b3 Qa5 23. Nxf8 Bxf8 24. Bc1 Bg7 25. Qh3 Nf6 26. Bc4 d5 27. exd5 Nxd5
28. Qh7+ Kf8 29. Rh5 Rd8 30. Bh6 Bxh6 31. Qxh6+ Kg8 32. Qg5 Qa3 33. Qxd8+ Kg7
34. Qh8+ Nxh8 35. Rg1+ Ng6 0-1

[Event "World Blitz Women 2025"]
[Site "Doha QAT"]
[Date "2025.12.30"]
[Round "12.60"]
[White "Rudzinska, Michalina"]
[Black "Sharma, Isha"]
[Result "1-0"]
[WhiteTitle "WGM"]
[BlackTitle "WIM"]
[WhiteElo "2206"]
[BlackElo "2245"]
[WhiteFideId "1172883"]
[BlackFideId "35006665"]
[EventDate "2025.12.29"]

1. e4 e5 2. Nf3 Nc6 3. d4 exd4 4. Nxd4 Nf6 5. Nxc6 bxc6 6. Nd2 d5 7. exd5 cxd5
8. Bb5+ Bd7 9. Bxd7+ Qxd7 10. O-O Be7 11. b3 O-O 12. Bb2 Qf5 13. Re1 Bc5 14. Nf3
Ng4 15. Bd4 Bxd4 16. Qxd4 c5 17. Qxc5 Rac8 18. Qxa7 Rxc2 19. Rf1 h5 20. h3 Nf6
21. Nd4 Qg6 22. Nxc2 Qxc2 23. Rac1 Qb2 24. Qc5 Ne4 25. Qc2 Qa3 26. Rcd1 Rd8 27.
Rfe1 Nf6 28. Rd4 Qa5 29. Red1 Re8 30. Qd2 Qc5 31. b4 Qb5 32. Qd3 Qa4 33. Qb3 Qb5
34. a4 Qe2 35. R4d2 Qe5 36. b5 Qf5 37. b6 Ne4 38. Qxd5 Qf4 39. Re2 Re6 40. b7
Kh7 41. Rxe4 Rxe4 42. Qxe4+ Qxe4 43. b8=Q Qxa4 44. Qd6 Qa2 1-0

[Event "World Blitz Women 2025"]
[Site "Doha QAT"]
[Date "2025.12.30"]
[Round "12.61"]
[White "Parnali, S Dharia"]
[Black "Yakubbaeva, Nilufar"]
[Result "1-0"]
[WhiteTitle "WIM"]
[BlackTitle "WGM"]
[WhiteElo "2150"]
[BlackElo "2229"]
[WhiteFideId "5043131"]
[BlackFideId "14204487"]
[EventDate "2025.12.29"]

1. d4 Nf6 2. g3 d5 3. c4 e6 4. Bg2 Be7 5. Qc2 O-O 6. Nf3 a6 7. b3 c5 8. Bb2 Nc6
9. dxc5 Bxc5 10. cxd5 Bb4+ 11. Nc3 Nxd5 12. O-O Nxc3 13. Bxc3 Bxc3 14. Qxc3 Bd7
15. Rfd1 Qe7 16. Rd2 Rfd8 17. Rad1 Be8 18. h4 Rxd2 19. Rxd2 Rd8 20. Ng5 h6 21.
Ne4 f5 22. Rxd8 Qxd8 23. Nd2 Nd4 24. Kf1 Bb5 25. Nc4 Bxc4 26. Qxc4 b5 27. Qd3
Qb6 28. Kg1 e5 29. e3 Nc6 30. Qd5+ Kh7 31. Qxc6 Qa5 32. Qc2 Qe1+ 33. Kh2 e4 34.
g4 g6 35. h5 gxh5 36. gxf5 h4 37. Bxe4 h3 38. Qc7+ Kg8 39. Qc8+ Kf7 40. Qe6+ Kf8
41. Qc8+ Kf7 42. Qc7+ Kf8 43. Qd6+ Kf7 44. Bd5+ Kg7 45. Qg6+ Kf8 46. Qf6+ Ke8
47. Bc6# 1-0

[Event "World Blitz Women 2025"]
[Site "Doha QAT"]
[Date "2025.12.30"]
[Round "12.62"]
[White "Khalil, Manar"]
[Black "Krasteva, Beloslava"]
[Result "1/2-1/2"]
[WhiteTitle "WFM"]
[BlackTitle "FM"]
[WhiteElo "1925"]
[BlackElo "2339"]
[WhiteFideId "7604661"]
[BlackFideId "2922029"]
[EventDate "2025.12.29"]

1. e4 d6 2. d4 Nf6 3. Nc3 e5 4. Nf3 Nbd7 5. Bc4 Be7 6. O-O O-O 7. h3 c6 8. a4 h6
9. Re1 Re8 10. d5 Nb6 11. Ba2 cxd5 12. Nxd5 Nfxd5 13. Bxd5 Nxd5 14. Qxd5 Qc7 15.
c3 Be6 16. Qd1 Rad8 17. Be3 d5 18. exd5 Bxd5 19. Qe2 Bc4 20. Qc2 b6 21. b3 Bd3
22. Qb2 Bf6 23. Rad1 Qb7 24. Nd2 e4 25. Nc4 Bxc4 26. bxc4 Qc6 27. Qb5 Rc8 28. c5
bxc5 29. c4 Bc3 30. Re2 a6 31. Qxc6 Rxc6 32. Rd7 Rb8 33. Re7 f5 34. g4 Bf6 35.
Ra7 fxg4 36. hxg4 Rb4 37. Bf4 Rxc4 38. a5 Bc3 39. Ra8+ Kh7 40. Rc2 Rf6 41. Be3
Rd6 42. Rc8 Rd1+ 43. Kg2 Rd3 44. Rxc5 Rxc5 45. Bxc5 Bxa5 46. Be3 Bd8 47. Ra2 Rd6
48. Ra4 Re6 49. Rb4 a5 50. Rb8 Be7 51. Ra8 Bb4 52. Ra7 Kg6 53. Bd4 Re7 54. Ra6+
Kf7 55. Kg3 Rd7 56. Be3 Bd6+ 57. Kh4 Be7+ 58. Kg3 Bd6+ 59. Kh4 Bb4 60. g5 hxg5+
61. Kxg5 Rd5+ 62. Kf4 Rd7 63. Kxe4 Re7+ 64. Kf5 Rd7 65. Bf4 Rb7 66. Be5 Be1 67.
f4 Bb4 68. Rg6 Bf8 69. Ra6 Rb5 70. Ke4 Be7 71. Ra7 Ke6 72. f5+ Kf7 73. Bd6 Rb4+
74. Bxb4 axb4 75. Rb7 Kf6 76. Rb6+ Kf7 77. Kd5 Bf6 78. Rxb4 Bc3 79. Rc4 Bb2 80.
Ke4 Kf6 81. Rc6+ Kf7 82. Kd5 Ba1 83. Ra6 Bb2 84. Kd6 Bc3 85. Kd7 Bd4 86. Rd6 Bc3
87. Re6 Bb2 88. Kc6 Bc3 89. Kd7 Bb2 90. Kd6 Ba1 91. Kd5 Bb2 92. Kd6 Ba1 93. Kd7 1/2-1/2

[Event "World Blitz Women 2025"]
[Site "Doha QAT"]
[Date "2025.12.30"]
[Round "12.63"]
[White "Jimenez Fernandez, Rebeca"]
[Black "Zvereva, Marija"]
[Result "1-0"]
[WhiteTitle "WFM"]
[BlackTitle "WIM"]
[WhiteElo "2137"]
[BlackElo "2007"]
[WhiteFideId "32070934"]
[BlackFideId "4121082"]
[EventDate "2025.12.29"]

1. e4 c5 2. Nc3 Nc6 3. g3 g6 4. Bg2 Bg7 5. d3 e6 6. Be3 d6 7. Qd2 Rb8 8. Nge2 b5
9. O-O b4 10. Nd1 Nge7 11. Bh6 O-O 12. Bxg7 Kxg7 13. f4 f5 14. Ne3 a5 15. exf5
gxf5 16. d4 Ba6 17. d5 exd5 18. Nxd5 Nxd5 19. Bxd5 Ne7 20. Bf3 d5 21. Rad1 d4
22. Rfe1 Nd5 23. Nxd4 cxd4 24. Qxd4+ Nf6 25. Qa7+ Rf7 26. Rxd8 Rxa7 27. Rxb8 Bc4
28. Ra8 Rd7 29. Rxa5 Rd2 30. Rxf5 Rxc2 31. Rc5 Bd3 32. Rxc2 Bxc2 33. g4 Ng8 34.
Be4 Ba4 35. Bd5 Nf6 36. Bf3 Ng8 37. Re4 Bc6 38. Re3 Bb5 39. Rb3 Bc4 40. Rxb4
Bxa2 41. Rb7+ Kf6 42. b4 Ne7 43. b5 Bc4 44. b6 Ke6 45. Rxe7+ Kxe7 46. b7 1-0

[Event "World Blitz Women 2025"]
[Site "Doha QAT"]
[Date "2025.12.30"]
[Round "12.64"]
[White "Li, Xueyi"]
[Black "Sawan, Eman"]
[Result "1-0"]
[WhiteTitle "WGM"]
[BlackTitle "WFM"]
[WhiteElo "2202"]
[BlackElo "1960"]
[WhiteFideId "8605912"]
[BlackFideId "11511729"]
[EventDate "2025.12.29"]

1. d4 Nf6 2. c4 g6 3. Nf3 Bg7 4. Nc3 O-O 5. g3 d6 6. Bg2 c5 7. O-O Nc6 8. d5 Na5
9. Nd2 a6 10. a3 b5 11. cxb5 axb5 12. Nxb5 Ba6 13. Nc3 Nd7 14. Nf3 Rb8 15. h4
Nb3 16. Rb1 Nxc1 17. Qxc1 Qa5 18. Re1 c4 19. Qe3 Rfe8 20. Nd4 Bxd4 21. Qxd4 Nc5
22. h5 Nb3 23. Qf4 e5 24. Qh6 Qd8 25. hxg6 fxg6 26. Ne4 Qe7 27. Bh3 Bc8 28. Bxc8
Rbxc8 29. Kg2 Rf8 30. g4 Nc5 31. Nxc5 Rxc5 32. f3 e4 33. Qe3 exf3+ 34. exf3 Qxe3
35. Rxe3 Rxd5 36. Rbe1 Rd2+ 37. R1e2 Rxe2+ 38. Rxe2 Rb8 39. Kf2 Rb3 40. g5 Kf7
41. Kg3 d5 42. Kf4 d4 43. Rh2 Kg7 44. Rd2 c3 45. bxc3 dxc3 46. Rd7+ Kf8 47. Rxh7
Rxa3 48. Rc7 Ra4+ 49. Ke5 Ra5+ 50. Kf6 Ra6+ 51. Ke5 Ra5+ 52. Kf4 Ra3 53. Ke4 Ra5
54. f4 Ra4+ 55. Ke3 Ra3 56. Kd4 Ra4+ 57. Ke3 Ra3 58. Ke4 Ra4+ 59. Kf3 Ra3 60.
Kg4 Ke8 61. Rc4 Ke7 62. f5 gxf5+ 63. Kxf5 Ra5+ 64. Kg6 Ra6+ 65. Kh7 Ra1 66. Rxc3
Rh1+ 67. Kg7 Rg1 68. Re3+ Kd6 69. g6 Rg2 70. Kh7 Rh2+ 71. Kg8 Rg2 72. g7 Kd7 73.
Re4 Rg5 74. Kh7 Rh5+ 75. Kg6 Rh2 76. g8=Q Rg2+ 77. Kh7 1-0

[Event "World Blitz Women 2025"]
[Site "Doha QAT"]
[Date "2025.12.30"]
[Round "12.65"]
[White "Karimova, Guldona"]
[Black "Berikkyzy Alanna"]
[Result "1-0"]
[WhiteTitle "WIM"]
[BlackTitle "WFM"]
[WhiteElo "2288"]
[BlackElo "2241"]
[WhiteFideId "14210410"]
[BlackFideId "13780719"]
[EventDate "2025.12.29"]

1. e4 c5 2. Nf3 Nc6 3. d4 cxd4 4. Nxd4 g6 5. c4 Nf6 6. Nc3 Nxd4 7. Qxd4 d6 8.
Be2 Bg7 9. Be3 O-O 10. Qd3 Be6 11. O-O a6 12. a4 Nd7 13. Qd2 Nc5 14. Qc2 f5 15.
f3 Nd7 16. Nd5 Bxd5 17. exd5 f4 18. Bf2 Ne5 19. a5 Rc8 20. Ra3 Qd7 21. Rc1 Nf7
22. Rb3 Ne5 23. Rb4 Nf7 24. Qb3 Nd8 25. Qd3 Kh8 26. Bd4 Nf7 27. Bxg7+ Kxg7 28.
Qb3 Rc7 29. Bd3 Ne5 30. Qc3 Kg8 31. Re1 Rcc8 32. b3 Qc7 33. Rb6 Qc5+ 34. Kf1 Qc7
35. Qd4 Qd7 36. Bc2 Rc7 37. Kg1 h6 38. Rxe5 dxe5 39. Rxg6+ Kf7 40. Qxe5 Ke8 41.
Rxh6 Rc8 42. Rh7 Kd8 43. h4 Qc7 44. Qxc7+ Rxc7 45. h5 e5 46. Rxc7 Kxc7 47. h6
Kd6 48. h7 Kc5 49. Kh2 Kd4 50. Bf5 Kc5 51. Be6 Rh8 52. Bg8 b6 53. axb6 Kxb6 54.
d6 Kc6 55. c5 a5 56. Kh3 Kd7 57. Kg4 Ke8 58. Kf5 Kd7 59. Kf6 1-0

[Event "World Blitz Women 2025"]
[Site "Doha QAT"]
[Date "2025.12.30"]
[Round "12.66"]
[White "Lau, Chloe Hailey"]
[Black "Fawaz, Nadia"]
[Result "0-1"]
[BlackTitle "WFM"]
[WhiteElo "1562"]
[BlackElo "1957"]
[WhiteFideId "6012469"]
[BlackFideId "5309743"]
[EventDate "2025.12.29"]

1. e4 c5 2. Nf3 e6 3. c3 d5 4. exd5 exd5 5. d4 Nf6 6. Bb5+ Bd7 7. Bxd7+ Nbxd7 8.
O-O Be7 9. Be3 O-O 10. Re1 Re8 11. Qb3 b6 12. Na3 a6 13. c4 Nf8 0-1

[Event "World Blitz Women 2025"]
[Site "Doha QAT"]
[Date "2025.12.30"]
[Round "12.67"]
[White "Alsemairi, Dalia"]
[Black "Echcharbiny, Wissal"]
[Result "1-0"]
[WhiteTitle "WCM"]
[WhiteElo "1802"]
[BlackElo "1726"]
[WhiteFideId "21511217"]
[BlackFideId "9014853"]
[EventDate "2025.12.29"]

1. e4 c6 2. Nf3 d5 3. Nc3 Bg4 4. h3 Bxf3 5. Qxf3 e6 6. exd5 cxd5 7. d4 Nc6 8.
Bb5 Bd6 9. O-O a6 10. Bxc6+ bxc6 11. Re1 Be7 12. Qg4 Bf6 13. Be3 Ne7 14. Na4 Nf5
15. Nc5 Qb6 16. Rab1 a5 17. c3 Qc7 18. Bf4 Qc8 19. Be3 Nxe3 20. fxe3 O-O 21. e4
Be7 22. Nd3 Re8 23. e5 Qb7 24. Nf4 g6 25. Rf1 Bf8 26. Nh5 Bg7 27. Nf6+ Bxf6 28.
Rxf6 Qe7 29. Rbf1 Ra7 30. Qf3 Rf8 31. Qg3 Kg7 32. Qf4 h5 33. Qg3 1-0

[Event "World Blitz Women 2025"]
[Site "Doha QAT"]
[Date "2025.12.30"]
[Round "12.68"]
[White "Skaslien, Ingrid"]
[Black "Al-Khulaifi, Ghada"]
[Result "1-0"]
[BlackTitle "WCM"]
[WhiteElo "2029"]
[BlackElo "1630"]
[WhiteFideId "1520660"]
[BlackFideId "12100633"]
[EventDate "2025.12.29"]

1. c4 Nf6 2. Nc3 e6 3. Nf3 Be7 4. e4 O-O 5. e5 Ne8 6. d4 f6 7. Bd3 fxe5 8. dxe5
d6 9. Qc2 h6 10. O-O dxe5 11. Bh7+ Kh8 12. Nxe5 Rf6 13. Ne4 Rf8 14. Ng6+ Kxh7
15. Nxf8+ Bxf8 16. Nf6+ 1-0

[Event "World Blitz Women 2025"]
[Site "Doha QAT"]
[Date "2025.12.30"]
[Round "12.69"]
[White "Rouda Essa, Alserkal"]
[Black "Abrar Mohammed Ahmad Almalki"]
[Result "1-0"]
[WhiteTitle "WGM"]
[WhiteElo "2052"]
[BlackElo "1826"]
[WhiteFideId "9314318"]
[BlackFideId "21543143"]
[EventDate "2025.12.29"]

1. e4 e6 2. d4 d5 3. Nc3 c5 4. exd5 exd5 5. dxc5 d4 6. Ne4 Nc6 7. Bf4 Bf5 8.
Nd6+ Bxd6 9. Bxd6 Nge7 10. Nf3 b6 11. Bb5 bxc5 12. Bxc6+ Nxc6 13. Qe2+ Be6 14.
Bg3 O-O 15. O-O Re8 16. Qb5 Qd5 17. Qd3 Ne5 18. Nxe5 Qxe5 19. Bxe5 a5 20. Qg3 g6
21. Qh4 Bf5 22. Qf6 Rxe5 23. Qxe5 Rc8 24. Rfe1 Bxc2 25. Rac1 d3 26. Rxc2 dxc2
27. Qc3 c1=R 28. Rxc1 Rd8 29. Qxc5 a4 30. Qe7 Rb8 31. Rc7 Kg7 32. Qxf7+ Kh6 33.
Qf4+ g5 34. Rxh7+ Kxh7 35. Qxb8 Kg6 36. Qb4 a3 37. Qxa3 Kf5 38. Qe3 g4 39. a4 1-0